|
|
|
|
| LEADER |
00847nam a2200229 4500 |
| 001 |
c000324987 |
| 003 |
CARM |
| 005 |
00000000000000.0 |
| 008 |
680301s1968 nyua 00010 eng |
| 019 |
1 |
|
|a 697330
|5 LACONCORD2021
|
| 035 |
|
|
|a (OCoLC)435954
|5 LACONCORD2021
|
| 050 |
0 |
0 |
|a HF5635
|b .B547
|
| 100 |
1 |
|
|a Bierman, Harold.
|
| 245 |
1 |
0 |
|a Financial accounting;
|b an introduction
|c [by] Harold Bierman, Jr. [and] Allan R. Drebin.
|
| 260 |
|
|
|a New York,
|b Macmillan
|c [c1968]
|
| 300 |
|
|
|a x, 420 p.
|b illus.
|c 24 cm.
|
| 650 |
|
0 |
|a Accounting.
|
| 700 |
1 |
|
|a Drebin, Allan Richard,
|e joint author.
|
| 852 |
8 |
|
|b CARM
|h A1:AM07E0
|i C10008
|p 0425124
|f BK
|
| 082 |
0 |
4 |
|a 657.3
|
| 999 |
f |
f |
|i f0f52f68-c0d5-57b7-9e87-7dd90bd40659
|s 2ca4c571-62f1-524f-82ae-cf659cc7a70a
|
| 952 |
f |
f |
|p Can circulate
|a CAVAL
|b CAVAL
|c CAVAL
|d CARM 1 Store
|e C10008
|f A1:AM07E0
|h Other scheme
|i book
|m 0425124
|